000 00312 a2200121 4500
000 nam a22 7a 4500
005 20260325105803.0
020 _a9781682855836
100 _a Sherley Benson
_91231841
245 _aSensors: Modeling, Design and Applications
260 _bWillford Press
_c2019
942 _cAUD
999 _c1843501
_d1843501